00606nam a2200181 a 450000100100000000500170001000800410002702000150006804000250008308200190010810000560012724500420018326000570022530000290028250000630031165000240037465000260039800002504520200930023529.0110209s1998 ck r 000 p spa d a9583600539 aDO-SdBNPbspacBNPHU aCo861.44bQ52c1 aQuessep, GiovanniqGiovanni Quessep Esguerrad1939-10aCarta imaginaria /cGiovanni Quessep. aBogotá, (Colombia) :bEl Áncora Editores,c1998. a54 p. ; 21 cm. ;c21 cm. aLibro reseñado en : Boletín cultural y bibliográfico 4aPoesía colombiana 4aLiteratura colombiana